Science Quiz

Random Science or Biology Quiz
Score 0/30 Timer 06:00
1 Play Today
% Correct
Database
92.9%
DVD
89.7%
Darwinism
88.6%
Decagon
88.2%
Dingo
87.9%
Decibel
87.8%
DNA
87.3%
Digestion
87.3%
Digit
86.7%
Dissection
86.4%
Diaphragm
85.5%
Dune
84.5%
Distillation
83.9%
Draco
81.9%
Day
81.7%
% Correct
Dysprosium
81.4%
Diffraction
80.8%
Diode
80.3%
Driver
79.4%
Deimos
79.2%
Delta
79.2%
Dysplasia
78.4%
Dolomite
76.7%
Dugong
75.8%
Dubnium
75.8%
Differential
72.5%
Duodenum
72.4%
Deuterium
69.8%
Denature
66.1%
Darmstadtium
54%
Remove Ads.
Support Sporcle.
Get the best of Sporcle when you Go Orange. This ad-free experience offers more features, more stats, and more fun while also helping to support Sporcle. Thank you for becoming a member.

You're not logged in!

Compare scores with friends on all Sporcle quizzes.
OR
Log In

Show Comments

Extras

Top Quizzes Today


Score Distribution

Your Account Isn't Verified!

In order to create a playlist on Sporcle, you need to verify the email address you used during registration. Go to your Sporcle Settings to finish the process.

Report this User

Report this user for behavior that violates our Community Guidelines.

Details: